000 00580nam a2200217Ia 4500
008 160404s9999 xx 000 0 und d
020 _a971-91860-7-0
050 _aFIL HF 5415.126
050 _b.G65 2002
100 _aGo, Josiah.
245 4 _aThe Direct selling entrepreneurial mindset /
245 _cJosiah Go.
260 _aManila :
260 _bThe DirectSales Div. of Mansmitth and Fielder's Inc.,
260 _c2002
300 _a66 pages :
300 _billustrations ;
300 _c22 cm.
650 _aDirect marketing.
650 _xEntrepreneurship.
999 _c293331
_d293331